[Event "DEM U10w 2024"]
[Site "Willingen GER"]
[Date "2024.05.23"]
[Round "8"]
[White "Jänsch, Layla"]
[Black "Rhein, Linnea"]
[Result "1-0"]
[Termination "normal"]
[Board "17"]
[WhiteElo "962"]
[BlackElo "1133"]
[WhiteClock "00:24:32"]
[BlackClock "00:03:38"]
[PlyCount "81"]
[BlackFideId "34649018"]
[EventCountry "GER"]
[EventRounds "11"]
[EventType "swiss"]
[EventDate "2024.05.18"]

1. e4 {[%clk 01:15:58]} {[%emt 00:00:01]} d5 {[%clk 01:15:50]} {[%emt
00:00:10]} 2. exd5 {[%clk 01:16:20]} {[%emt 00:00:08]} Qxd5 {[%clk 01:16:05]}
{[%emt 00:00:14]} 3. Nc3 {[%clk 01:16:25]} {[%emt 00:00:26]} Qa5 {[%clk
01:16:09]} {[%emt 00:00:26]} 4. d4 {[%clk 01:15:42]} {[%emt 00:01:10]} c6
{[%clk 01:16:09]} {[%emt 00:00:33]} 5. Nf3 {[%clk 01:12:15]} {[%emt 00:03:55]}
Nf6 {[%clk 01:15:31]} {[%emt 00:01:10]} 6. Bd2 {[%clk 01:09:20]} {[%emt
00:03:22]} Bf5 {[%clk 01:09:37]} {[%emt 00:06:22]} 7. Ne4 {[%clk 00:57:57]}
{[%emt 00:11:46]} Qc7 {[%clk 01:04:02]} {[%emt 00:06:16]} 8. Nxf6+ {[%clk
00:54:06]} {[%emt 00:04:22]} exf6 {[%clk 00:58:14]} {[%emt 00:06:18]} 9. Bc4
{[%clk 00:49:31]} {[%emt 00:04:55]} Bd6 {[%clk 00:55:02]} {[%emt 00:03:51]} 10.
Qe2+ {[%clk 00:45:38]} {[%emt 00:04:13]} Qe7 {[%clk 00:44:18]} {[%emt
00:11:25]} 11. Qxe7+ {[%clk 00:44:20]} {[%emt 00:01:48]} Bxe7 {[%clk 00:44:09]}
{[%emt 00:00:39]} 12. c3 {[%clk 00:44:18]} {[%emt 00:00:32]} O-O {[%clk
00:43:46]} {[%emt 00:00:53]} 13. O-O {[%clk 00:44:12]} {[%emt 00:00:36]} Nd7
{[%clk 00:38:46]} {[%emt 00:05:30]} 14. Rfe1 {[%clk 00:43:00]} {[%emt
00:01:35]} Bd6 {[%clk 00:33:50]} {[%emt 00:05:10]} 15. Nh4 {[%clk 00:41:22]}
{[%emt 00:02:20]} Bg6 {[%clk 00:27:22]} {[%emt 00:07:10]} 16. Nxg6 {[%clk
00:41:26]} {[%emt 00:00:25]} hxg6 {[%clk 00:27:40]} {[%emt 00:00:11]} 17. g3
{[%clk 00:40:43]} {[%emt 00:01:11]} Nb6 {[%clk 00:27:01]} {[%emt 00:01:12]} 18.
Bd3 {[%clk 00:38:22]} {[%emt 00:02:48]} Rfe8 {[%clk 00:25:55]} {[%emt
00:01:39]} 19. Rxe8+ {[%clk 00:37:51]} {[%emt 00:01:01]} Rxe8 {[%clk 00:26:21]}
{[%emt 00:00:04]} 20. Re1 {[%clk 00:37:56]} {[%emt 00:00:22]} Rd8 {[%clk
00:24:03]} {[%emt 00:02:41]} 21. a3 {[%clk 00:36:17]} {[%emt 00:02:20]} c5
{[%clk 00:23:34]} {[%emt 00:00:58]} 22. Be3 {[%clk 00:34:09]} {[%emt 00:02:35]}
c4 {[%clk 00:22:30]} {[%emt 00:01:37]} 23. Be4 {[%clk 00:33:27]} {[%emt
00:01:07]} Rd7 {[%clk 00:20:45]} {[%emt 00:02:20]} 24. Rb1 {[%clk 00:32:08]}
{[%emt 00:01:45]} f5 {[%clk 00:20:18]} {[%emt 00:01:00]} 25. Bg2 {[%clk
00:31:31]} {[%emt 00:00:52]} f6 {[%clk 00:16:54]} {[%emt 00:04:09]} 26. b4
{[%clk 00:31:16]} {[%emt 00:00:37]} Kh7 {[%clk 00:09:00]} {[%emt 00:08:33]} 27.
Bf1 {[%clk 00:29:48]} {[%emt 00:01:57]} Nd5 {[%clk 00:07:37]} {[%emt 00:01:55]}
28. Bxc4 {[%clk 00:28:32]} {[%emt 00:01:45]} Nxc3 {[%clk 00:07:45]} {[%emt
00:00:22]} 29. Rc1 {[%clk 00:27:57]} {[%emt 00:00:59]} Ne4 {[%clk 00:07:16]}
{[%emt 00:01:05]} 30. f3 {[%clk 00:27:22]} {[%emt 00:01:05]} Ng5 {[%clk
00:07:04]} {[%emt 00:00:41]} 31. Bxg5 {[%clk 00:27:13]} {[%emt 00:00:40]} fxg5
{[%clk 00:07:17]} {[%emt 00:00:16]} 32. g4 {[%clk 00:26:54]} {[%emt 00:00:50]}
Rc7 {[%clk 00:06:42]} {[%emt 00:01:05]} 33. Rc2 {[%clk 00:26:33]} {[%emt
00:00:48]} Re7 {[%clk 00:04:45]} {[%emt 00:02:29]} 34. Bd5 {[%clk 00:26:02]}
{[%emt 00:01:02]} Bf4 {[%clk 00:03:57]} {[%emt 00:01:19]} 35. Kf1 {[%clk
00:25:30]} {[%emt 00:00:58]} b6 {[%clk 00:03:54]} {[%emt 00:00:36]} 36. a4
{[%clk 00:25:32]} {[%emt 00:00:28]} Re3 {[%clk 00:04:00]} {[%emt 00:00:24]} 37.
a5 {[%clk 00:24:37]} {[%emt 00:01:26]} bxa5 {[%clk 00:04:20]} {[%emt 00:00:10]}
38. bxa5 {[%clk 00:24:52]} {[%emt 00:00:15]} Ra3 {[%clk 00:04:19]} {[%emt
00:00:29]} 39. Rc5 {[%clk 00:24:37]} {[%emt 00:00:39]} Bxh2 {[%clk 00:03:49]}
{[%emt 00:01:07]} 40. Rc2 {[%clk 00:24:25]} {[%emt 00:00:41]} Rxa5 {[%clk
00:03:38]} {[%emt 00:00:42]} 41. Rxh2# {[%clk 00:24:32]} {[%emt 00:00:23]} 1-0

[Event "DEM U10w 2024"]
[Site "Willingen GER"]
[Date "2024.05.23"]
[Round "8"]
[White "He, Siqi"]
[Black "Hirtzel, Hanna Meiki"]
[Result "0-1"]
[Termination "normal"]
[Board "18"]
[WhiteElo "907"]
[BlackElo "942"]
[WhiteClock "01:01:45"]
[BlackClock "00:24:35"]
[PlyCount "54"]
[WhiteFideId "34682708"]
[EventCountry "GER"]
[EventRounds "11"]
[EventType "swiss"]
[EventDate "2024.05.18"]

1. e4 {[%clk 01:15:59]} d5 {[%clk 01:15:54]} {[%emt 00:00:06]} 2. exd5 {[%clk
01:16:22]} {[%emt 00:00:08]} Qxd5 {[%clk 01:16:16]} {[%emt 00:00:08]} 3. Nc3
{[%clk 01:16:45]} {[%emt 00:00:06]} Qa5 {[%clk 01:16:39]} {[%emt 00:00:07]} 4.
d4 {[%clk 01:17:03]} {[%emt 00:00:12]} c6 {[%clk 01:16:53]} {[%emt 00:00:17]}
5. Nf3 {[%clk 01:17:16]} {[%emt 00:00:16]} Bf5 {[%clk 01:17:06]} {[%emt
00:00:13]} 6. Bd2 {[%clk 01:17:28]} {[%emt 00:00:21]} Qc7 {[%clk 01:17:24]}
{[%emt 00:00:12]} 7. Be2 {[%clk 01:17:03]} {[%emt 00:00:56]} Nf6 {[%clk
01:17:29]} {[%emt 00:00:24]} 8. O-O {[%clk 01:17:19]} {[%emt 00:00:15]} e6
{[%clk 01:17:49]} {[%emt 00:00:09]} 9. Qc1 {[%clk 01:16:46]} {[%emt 00:01:04]}
Bd6 {[%clk 01:17:33]} {[%emt 00:00:44]} 10. g3 {[%clk 01:14:53]} {[%emt
00:02:24]} O-O {[%clk 01:14:33]} {[%emt 00:03:31]} 11. Bd3 {[%clk 01:14:47]}
{[%emt 00:00:35]} Bh3 {[%clk 01:05:42]} {[%emt 00:09:16]} 12. Re1 {[%clk
01:14:43]} {[%emt 00:00:39]} c5 {[%clk 01:04:32]} {[%emt 00:01:42]} 13. Ng5
{[%clk 01:13:49]} {[%emt 00:01:23]} Bg4 {[%clk 00:55:15]} {[%emt 00:09:45]} 14.
Nce4 {[%clk 01:13:09]} {[%emt 00:01:12]} Nbd7 {[%clk 00:51:35]} {[%emt
00:04:09]} 15. Nxd6 {[%clk 01:13:17]} {[%emt 00:00:23]} Qxd6 {[%clk 00:50:55]}
{[%emt 00:01:10]} 16. dxc5 {[%clk 01:12:54]} {[%emt 00:00:53]} Nxc5 {[%clk
00:48:54]} {[%emt 00:02:30]} 17. Bb4 {[%clk 01:11:19]} {[%emt 00:02:06]} Qc6
{[%clk 00:45:52]} {[%emt 00:03:19]} 18. Bxc5 {[%clk 01:10:00]} {[%emt
00:02:02]} Qxc5 {[%clk 00:45:30]} {[%emt 00:00:51]} 19. Ne4 {[%emt 00:03:45]}
Qf5 {[%clk 00:41:32]} {[%emt 00:01:02]} 20. Nd6 {[%clk 01:09:26]} {[%emt
00:01:16]} Qd5 {[%clk 00:37:31]} {[%emt 00:04:26]} 21. Ne4 {[%clk 01:09:23]}
{[%emt 00:00:31]} Bh3 {[%clk 00:36:10]} {[%emt 00:01:57]} 22. f3 {[%clk
01:07:56]} {[%emt 00:01:58]} Qf5 {[%clk 00:33:46]} {[%emt 00:02:43]} 23. Nd2
{[%clk 01:07:35]} {[%emt 00:01:02]} Qc5+ {[%clk 00:32:04]} {[%emt 00:02:00]}
24. Kh1 {[%clk 01:07:14]} {[%emt 00:01:01]} Qf2 {[%clk 00:31:54]} {[%emt
00:00:32]} 25. Rg1 {[%clk 01:07:08]} {[%emt 00:00:45]} Nd5 {[%clk 00:28:59]}
{[%emt 00:03:19]} 26. Nf1 {[%clk 01:01:38]} {[%emt 00:06:06]} Qxf3+ {[%clk
00:24:53]} {[%emt 00:04:33]} 27. Rg2 {[%clk 01:01:45]} {[%emt 00:00:27]} Qxg2#
{[%clk 00:24:35]} {[%emt 00:00:15]} 0-1

[Event "DEM U10w 2024"]
[Site "Willingen GER"]
[Date "2024.05.23"]
[Round "8"]
[White "Pygoch, Lene"]
[Black "Naz Öksüz, Meryem"]
[Result "1/2-1/2"]
[Termination "normal"]
[Board "19"]
[WhiteElo "917"]
[BlackElo "1154"]
[WhiteClock "00:44:12"]
[BlackClock "00:57:48"]
[PlyCount "58"]
[WhiteFideId "533016496"]
[BlackFideId "533025860"]
[EventCountry "GER"]
[EventRounds "11"]
[EventType "swiss"]
[EventDate "2024.05.18"]

1. e4 {[%clk 01:15:58]} {[%emt 00:00:02]} c5 {[%clk 01:15:56]} {[%emt
00:00:05]} 2. c4 {[%clk 01:16:17]} {[%emt 00:00:11]} Nc6 {[%clk 01:16:03]}
{[%emt 00:00:23]} 3. Nf3 {[%clk 01:16:37]} {[%emt 00:00:10]} d6 {[%clk
01:16:11]} {[%emt 00:00:22]} 4. Nc3 {[%clk 01:16:53]} {[%emt 00:00:13]} e6
{[%clk 01:15:42]} {[%emt 00:01:00]} 5. d3 {[%clk 01:17:07]} {[%emt 00:00:14]}
Nf6 {[%clk 01:15:35]} {[%emt 00:00:38]} 6. Be2 {[%clk 01:17:17]} {[%emt
00:00:19]} Be7 {[%clk 01:15:17]} {[%emt 00:00:49]} 7. Be3 {[%clk 01:17:26]}
{[%emt 00:00:21]} O-O {[%clk 01:13:54]} {[%emt 00:01:53]} 8. O-O {[%clk
01:17:44]} {[%emt 00:00:11]} Ng4 {[%emt 00:05:27]} 9. h3 {[%clk 01:13:18]}
{[%emt 00:01:25]} Nxe3 {[%clk 01:12:22]} {[%emt 00:00:38]} 10. fxe3 {[%clk
01:13:33]} {[%emt 00:00:14]} Bg5 {[%clk 01:11:00]} {[%emt 00:01:51]} 11. Nxg5
{[%clk 01:13:06]} {[%emt 00:00:57]} Qxg5 {[%clk 01:10:50]} {[%emt 00:00:41]}
12. Qd2 {[%clk 01:07:29]} {[%emt 00:06:08]} Nd4 {[%clk 01:10:05]} {[%emt
00:01:13]} 13. Rad1 {[%clk 01:07:13]} {[%emt 00:00:47]} Nxe2+ {[%clk 01:10:18]}
{[%emt 00:00:18]} 14. Qxe2 {[%clk 01:07:22]} {[%emt 00:00:19]} a6 {[%clk
01:04:30]} {[%emt 00:06:20]} 15. Qg4 {[%clk 01:00:21]} {[%emt 00:07:30]} Qxe3+
{[%clk 01:04:00]} {[%emt 00:01:00]} 16. Kh1 {[%clk 01:00:03]} {[%emt 00:00:49]}
d5 {[%clk 01:03:22]} {[%emt 00:01:08]} 17. cxd5 {[%clk 00:59:03]} {[%emt
00:01:28]} exd5 {[%clk 01:03:44]} {[%emt 00:00:09]} 18. Qf3 {[%clk 00:58:48]}
{[%emt 00:00:42]} Qg5 {[%clk 01:01:10]} {[%emt 00:03:02]} 19. Nxd5 {[%clk
00:58:43]} {[%emt 00:00:40]} b5 {[%clk 00:58:22]} {[%emt 00:03:00]} 20. Nb6
{[%clk 00:57:46]} {[%emt 00:01:46]} Rb8 {[%clk 00:58:19]} {[%emt 00:00:33]} 21.
Nxc8 {[%clk 00:56:54]} {[%emt 00:01:21]} Rbxc8 {[%clk 00:58:39]} {[%emt
00:00:10]} 22. Qf4 {[%clk 00:48:02]} {[%emt 00:09:22]} Qxf4 {[%clk 00:58:42]}
{[%emt 00:00:27]} 23. Rxf4 {[%clk 00:48:19]} {[%emt 00:00:13]} g6 {[%clk
00:58:41]} {[%emt 00:00:31]} 24. d4 {[%clk 00:47:20]} {[%emt 00:01:29]} cxd4
{[%clk 00:58:25]} {[%emt 00:00:47]} 25. Rxd4 {[%clk 00:47:33]} {[%emt
00:00:15]} Rc1+ {[%clk 00:58:38]} {[%emt 00:00:17]} 26. Kh2 {[%clk 00:47:51]}
{[%emt 00:00:12]} Rc2 {[%clk 00:58:51]} {[%emt 00:00:18]} 27. Rf6 {[%clk
00:47:43]} {[%emt 00:00:36]} a5 {[%clk 00:58:55]} {[%emt 00:00:28]} 28. Rfd6
{[%clk 00:45:29]} {[%emt 00:02:44]} Kg7 {[%clk 00:57:57]} {[%emt 00:01:28]} 29.
b4 {[%clk 00:44:12]} {[%emt 00:01:47]} Rxa2 {[%clk 00:57:48]} {[%emt 00:00:39]}
1/2-1/2

[Event "DEM U10w 2024"]
[Site "Willingen GER"]
[Date "2024.05.23"]
[Round "8"]
[White "Wittmann, Finja-Marie"]
[Black "Malan, Benita Helena"]
[Result "1-0"]
[Termination "normal"]
[Board "20"]
[WhiteElo "763"]
[BlackElo "738"]
[WhiteClock "01:10:25"]
[BlackClock "01:14:55"]
[PlyCount "73"]
[WhiteFideId "34673903"]
[EventCountry "GER"]
[EventRounds "11"]
[EventType "swiss"]
[EventDate "2024.05.18"]

1. e4 {[%clk 01:15:59]} {[%emt 00:00:01]} e5 {[%clk 01:15:52]} {[%emt
00:00:08]} 2. Nf3 {[%clk 01:16:25]} {[%emt 00:00:04]} Nc6 {[%clk 01:16:09]}
{[%emt 00:00:12]} 3. Bc4 {[%clk 01:16:48]} {[%emt 00:00:07]} Bc5 {[%clk
01:16:29]} {[%emt 00:00:10]} 4. c3 {[%clk 01:17:14]} {[%emt 00:00:05]} Nf6
{[%clk 01:16:49]} {[%emt 00:00:09]} 5. d4 {[%clk 01:17:40]} {[%emt 00:00:05]}
exd4 {[%clk 01:17:10]} {[%emt 00:00:09]} 6. cxd4 {[%clk 01:18:06]} {[%emt
00:00:04]} Bb4+ {[%clk 01:17:28]} {[%emt 00:00:11]} 7. Nbd2 {[%clk 01:18:30]}
{[%emt 00:00:07]} Nxe4 {[%clk 01:17:27]} {[%emt 00:00:30]} 8. O-O {[%clk
01:18:53]} {[%emt 00:00:08]} Nxd2 {[%clk 01:17:02]} {[%emt 00:00:54]} 9. Bxd2
{[%clk 01:19:20]} {[%emt 00:00:03]} Bd6 {[%clk 01:17:20]} {[%emt 00:00:12]} 10.
d5 {[%clk 01:19:30]} {[%emt 00:00:20]} Ne5 {[%clk 01:17:15]} {[%emt 00:00:35]}
11. Re1 {[%clk 01:19:19]} {[%emt 00:00:42]} O-O {[%clk 01:17:31]} {[%emt
00:00:14]} 12. Nxe5 {[%clk 01:19:15]} {[%emt 00:00:34]} c5 {[%clk 01:17:41]}
{[%emt 00:00:20]} 13. Qh5 {[%clk 01:18:33]} {[%emt 00:01:13]} b5 {[%clk
01:17:25]} {[%emt 00:00:45]} 14. Bd3 {[%clk 01:18:42]} {[%emt 00:00:20]} g6
{[%clk 01:17:46]} {[%emt 00:00:09]} 15. Qh6 {[%clk 01:17:47]} {[%emt 00:01:25]}
Qf6 {[%clk 01:17:48]} {[%emt 00:00:26]} 16. Bf4 {[%clk 01:17:55]} {[%emt
00:00:24]} c4 {[%clk 01:18:03]} {[%emt 00:00:15]} 17. Bc2 {[%clk 01:16:34]}
{[%emt 00:01:52]} Bc5 {[%clk 01:18:21]} {[%emt 00:00:12]} 18. Bg5 {[%clk
01:15:12]} {[%emt 00:01:52]} Qxf2+ {[%clk 01:18:12]} {[%emt 00:00:37]} 19. Kh1
{[%clk 01:13:11]} {[%emt 00:02:33]} f6 {[%clk 01:18:20]} {[%emt 00:00:21]} 20.
Nxg6 {[%clk 01:13:21]} {[%emt 00:00:20]} Bb7 {[%clk 01:18:04]} {[%emt
00:00:46]} 21. Rg1 {[%clk 01:12:03]} {[%emt 00:01:48]} Qxc2 {[%clk 01:17:32]}
{[%emt 00:01:02]} 22. Rgf1 {[%clk 01:10:21]} {[%emt 00:02:12]} Bxd5 {[%clk
01:17:47]} {[%emt 00:00:15]} 23. Rg1 {[%clk 01:10:07]} {[%emt 00:00:45]} fxg5
{[%clk 01:17:57]} {[%emt 00:00:18]} 24. Qxg5 {[%clk 01:10:01]} {[%emt
00:00:37]} Rf7 {[%clk 01:17:02]} {[%emt 00:01:24]} 25. Qxd5 {[%clk 01:09:54]}
{[%emt 00:00:38]} d6 {[%clk 01:17:03]} {[%emt 00:00:29]} 26. Qxa8+ {[%clk
01:10:11]} {[%emt 00:00:14]} Kg7 {[%emt 00:00:13]} 27. Nh4 {[%emt 00:01:01]}
Rf2 {[%clk 01:15:55]} {[%emt 00:00:22]} 28. Rae1 {[%clk 01:09:36]} {[%emt
00:01:05]} Rf4 {[%clk 01:15:16]} {[%emt 00:01:07]} 29. Re7+ {[%clk 01:09:50]}
{[%emt 00:00:20]} Kh6 {[%clk 01:15:32]} {[%emt 00:00:09]} 30. Qd5 {[%clk
01:09:00]} {[%emt 00:01:24]} Bxg1 {[%clk 01:15:43]} {[%emt 00:00:19]} 31. Re6+
{[%clk 01:09:09]} {[%emt 00:00:21]} Kg7 {[%emt 00:00:19]} 32. Re7+ {[%clk
01:09:35]} {[%emt 00:00:48]} Kf6 {[%clk 01:15:15]} {[%emt 00:00:26]} 33. Qxd6+
{[%clk 01:09:39]} {[%emt 00:00:25]} Kg5 {[%emt 00:00:26]} 34. Rg7+ {[%emt
00:00:13]} Kh5 {[%clk 01:14:40]} {[%emt 00:00:26]} 35. Qxf4 {[%clk 01:09:48]}
{[%emt 00:00:21]} Bf2 {[%clk 01:14:42]} {[%emt 00:00:27]} 36. Qg4+ {[%clk
01:10:05]} {[%emt 00:00:14]} Kh6 {[%clk 01:14:55]} {[%emt 00:00:16]} 37. Qg5#
{[%clk 01:10:25]} {[%emt 00:00:11]} 1-0

[Event "DEM U10w 2024"]
[Site "Willingen GER"]
[Date "2024.05.23"]
[Round "8"]
[White "Böhm, Arwen Skadi"]
[Black "Fahim, Lina"]
[Result "1-0"]
[Termination "normal"]
[Board "21"]
[WhiteElo "968"]
[BlackElo "744"]
[WhiteClock "01:12:51"]
[BlackClock "01:05:51"]
[PlyCount "55"]
[BlackFideId "533004820"]
[EventCountry "GER"]
[EventRounds "11"]
[EventType "swiss"]
[EventDate "2024.05.18"]

1. e4 {[%clk 01:15:58]} {[%emt 00:00:01]} e5 {[%clk 01:15:52]} {[%emt
00:00:09]} 2. Nf3 {[%clk 01:16:16]} {[%emt 00:00:11]} Nc6 {[%clk 01:16:13]}
{[%emt 00:00:10]} 3. Bc4 {[%clk 01:16:35]} {[%emt 00:00:11]} Bc5 {[%clk
01:16:34]} {[%emt 00:00:09]} 4. d3 {[%clk 01:16:46]} {[%emt 00:00:19]} Nf6
{[%clk 01:16:38]} {[%emt 00:00:26]} 5. Bg5 {[%clk 01:17:05]} {[%emt 00:00:11]}
O-O {[%clk 01:16:46]} {[%emt 00:00:22]} 6. O-O {[%clk 01:17:27]} {[%emt
00:00:07]} d6 {[%clk 01:17:10]} {[%emt 00:00:06]} 7. Nc3 {[%clk 01:17:51]}
{[%emt 00:00:06]} Bg4 {[%clk 01:17:24]} {[%emt 00:00:16]} 8. Nd5 {[%clk
01:17:40]} {[%emt 00:00:41]} Qc8 {[%clk 01:15:35]} {[%emt 00:02:18]} 9. Bxf6
{[%clk 01:17:37]} {[%emt 00:00:34]} gxf6 {[%clk 01:14:17]} {[%emt 00:01:48]}
10. Bb5 {[%clk 01:17:37]} {[%emt 00:00:29]} a6 {[%clk 01:13:50]} {[%emt
00:00:58]} 11. Bxc6 {[%clk 01:18:00]} {[%emt 00:00:07]} bxc6 {[%clk 01:13:54]}
{[%emt 00:00:27]} 12. Ne7+ {[%clk 01:18:15]} {[%emt 00:00:13]} Kh8 {[%clk
01:13:21]} {[%emt 00:01:04]} 13. Nxc8 {[%clk 01:18:30]} {[%emt 00:00:15]} Raxc8
{[%clk 01:13:25]} {[%emt 00:00:27]} 14. Qd2 {[%clk 01:17:58]} {[%emt 00:01:00]}
Rg8 {[%clk 01:13:10]} {[%emt 00:00:47]} 15. Nh4 {[%clk 01:17:44]} {[%emt
00:00:43]} Rge8 {[%clk 01:12:18]} {[%emt 00:01:22]} 16. h3 {[%clk 01:16:47]}
{[%emt 00:01:26]} Bh5 {[%clk 01:11:51]} {[%emt 00:00:58]} 17. Qh6 {[%clk
01:16:45]} {[%emt 00:00:32]} Re6 {[%clk 01:10:52]} {[%emt 00:01:30]} 18. Qxh5
{[%clk 01:16:29]} {[%emt 00:00:45]} Rf8 {[%clk 01:08:51]} {[%emt 00:02:32]} 19.
d4 {[%clk 01:15:50]} {[%emt 00:01:09]} Bxd4 {[%clk 01:07:52]} {[%emt 00:01:29]}
20. Rfd1 {[%clk 01:11:57]} {[%emt 00:04:22]} Bxb2 {[%clk 01:07:34]} {[%emt
00:00:49]} 21. Rab1 {[%clk 01:12:16]} {[%emt 00:00:09]} Ba3 {[%clk 01:07:05]}
{[%emt 00:01:00]} 22. Rd3 {[%clk 01:12:29]} {[%emt 00:00:17]} Bc5 {[%clk
01:07:09]} {[%emt 00:00:26]} 23. Rg3 {[%clk 01:12:29]} {[%emt 00:00:30]} Rg8
{[%clk 01:06:09]} {[%emt 00:01:30]} 24. Rxg8+ {[%clk 01:12:29]} {[%emt
00:00:30]} Kxg8 {[%clk 01:06:00]} {[%emt 00:00:40]} 25. Qg4+ {[%clk 01:12:43]}
{[%emt 00:00:14]} Kf8 {[%clk 01:06:10]} {[%emt 00:00:21]} 26. Rb8+ {[%clk
01:12:49]} {[%emt 00:00:23]} Ke7 {[%clk 01:06:13]} {[%emt 00:00:29]} 27. Qg8
{[%clk 01:13:00]} {[%emt 00:00:15]} Ba7 {[%clk 01:05:51]} {[%emt 00:00:55]} 28.
Qe8# {[%clk 01:12:51]} {[%emt 00:00:07]} 1-0

[Event "DEM U10w 2024"]
[Site "Willingen GER"]
[Date "2024.05.24"]
[Round "9"]
[White "Artemenko, Isabella"]
[Black "Shynkar, Daria"]
[Result "1/2-1/2"]
[Termination "normal"]
[Board "1"]
[WhiteElo "1237"]
[BlackElo "1661"]
[WhiteClock "00:15:32"]
[BlackClock "00:28:34"]
[PlyCount "65"]
[WhiteFideId "34639616"]
[BlackFideId "34163212"]
[EventCountry "GER"]
[EventRounds "11"]
[EventType "swiss"]
[EventDate "2024.05.18"]

1. e4 {[%clk 01:15:59]} c5 {[%clk 01:15:56]} {[%emt 00:00:04]} 2. Nc3 {[%clk
01:16:24]} {[%emt 00:00:05]} a6 {[%clk 01:16:23]} {[%emt 00:00:03]} 3. g3
{[%clk 01:16:48]} {[%emt 00:00:05]} b5 {[%clk 01:16:02]} {[%emt 00:00:51]} 4.
Bg2 {[%clk 01:16:51]} {[%emt 00:00:27]} Bb7 {[%clk 01:16:13]} {[%emt 00:00:18]}
5. d3 {[%clk 01:17:01]} {[%emt 00:00:22]} d6 {[%clk 01:15:10]} {[%emt
00:01:33]} 6. f4 {[%clk 01:17:02]} {[%emt 00:00:29]} g6 {[%clk 01:11:37]}
{[%emt 00:04:03]} 7. Nf3 {[%clk 01:13:54]} {[%emt 00:03:38]} Bg7 {[%clk
01:11:43]} {[%emt 00:00:24]} 8. O-O {[%clk 01:11:57]} {[%emt 00:02:27]} Nf6
{[%clk 01:11:10]} {[%emt 00:01:00]} 9. h3 {[%clk 01:07:47]} {[%emt 00:04:42]}
O-O {[%clk 01:10:16]} {[%emt 00:01:25]} 10. Be3 {[%clk 01:05:00]} {[%emt
00:03:17]} c4 {[%clk 01:06:19]} {[%emt 00:04:26]} 11. g4 {[%clk 00:49:26]}
{[%emt 00:16:05]} cxd3 {[%clk 00:59:55]} {[%emt 00:06:53]} 12. cxd3 {[%clk
00:49:45]} {[%emt 00:00:11]} Nbd7 {[%clk 00:59:54]} {[%emt 00:00:32]} 13. Qe1
{[%clk 00:47:02]} {[%emt 00:03:13]} Re8 {[%clk 00:51:32]} {[%emt 00:08:51]} 14.
Qh4 {[%clk 00:41:50]} {[%emt 00:05:42]} Nf8 {[%clk 00:49:49]} {[%emt 00:02:14]}
15. Nd2 {[%clk 00:40:04]} {[%emt 00:02:16]} Rc8 {[%clk 00:43:26]} {[%emt
00:06:53]} 16. Rfd1 {[%clk 00:37:01]} {[%emt 00:03:34]} N6d7 {[%clk 00:41:50]}
{[%emt 00:02:05]} 17. Rac1 {[%clk 00:35:04]} {[%emt 00:02:25]} Nc5 {[%clk
00:41:05]} {[%emt 00:01:17]} 18. Bxc5 {[%clk 00:26:54]} {[%emt 00:08:41]} dxc5
{[%clk 00:40:59]} {[%emt 00:00:36]} 19. Nf3 {[%clk 00:26:12]} {[%emt 00:01:12]}
Qb6 {[%clk 00:39:29]} {[%emt 00:01:59]} 20. Kh2 {[%clk 00:20:47]} {[%emt
00:05:55]} Qc7 {[%clk 00:39:01]} {[%emt 00:00:57]} 21. Qg3 {[%clk 00:20:25]}
{[%emt 00:00:52]} Ne6 {[%clk 00:38:26]} {[%emt 00:01:05]} 22. f5 {[%clk
00:20:11]} {[%emt 00:00:46]} Qxg3+ {[%clk 00:38:51]} {[%emt 00:00:05]} 23. Kxg3
{[%clk 00:20:35]} {[%emt 00:00:05]} Nd4 {[%clk 00:39:00]} {[%emt 00:00:21]} 24.
Nxd4 {[%clk 00:20:33]} {[%emt 00:00:33]} Bxd4 {[%clk 00:39:13]} {[%emt
00:00:17]} 25. b3 {[%clk 00:20:20]} {[%emt 00:00:43]} Be5+ {[%clk 00:38:27]}
{[%emt 00:01:16]} 26. Kf2 {[%clk 00:20:18]} {[%emt 00:00:30]} e6 {[%clk
00:37:28]} {[%emt 00:01:30]} 27. fxg6 {[%clk 00:20:29]} {[%emt 00:00:18]} fxg6
{[%clk 00:37:43]} {[%emt 00:00:15]} 28. Ne2 {[%clk 00:19:19]} {[%emt 00:01:40]}
Red8 {[%clk 00:35:48]} {[%emt 00:02:19]} 29. Ke3 {[%clk 00:17:34]} {[%emt
00:02:20]} g5 {[%clk 00:33:36]} {[%emt 00:02:44]} 30. Bf3 {[%clk 00:16:32]}
{[%emt 00:01:31]} a5 {[%clk 00:28:46]} {[%emt 00:05:19]} 31. Bg2 {[%clk
00:16:43]} {[%emt 00:00:19]} b4 {[%clk 00:28:16]} {[%emt 00:01:02]} 32. Bf1
{[%clk 00:15:31]} {[%emt 00:01:42]} Ba6 {[%clk 00:28:34]} {[%emt 00:00:11]} 33.
Bg2 {[%clk 00:15:32]} {[%emt 00:00:30]} 1/2-1/2